000 00704cab a2200241 4500
001 X1253
008 090401t1993 xxu||||| |||| 00| 0 eng d
035 _a(Sirsi) u15826
041 _aeng
100 _aBooth, P.M.
245 4 _aThe move to floating exchange rates : prospects for inflation and the implications for property values
260 _c1993
350 _a0
490 _aJournal of Property Finance
_v4(3/4) 1993, 9-23(14)
650 _aERM
650 _aEUROPEAN MONETARY SYSTEM
650 _aEXCHANGE RATE MECHANISM
650 _aEXCHANGE RATES
650 _aFLOATING EXCHANGE RATES
690 _aPROPERTY-PROPERTY FINANCE AND INVESTMENT
942 _n0
948 _c04/03/1997
999 _c10415
_d10415